2025 Formula One Circuits - Statistics

General Stats
  • This quiz has been taken 37 times
  • The average score is 18 of 24
Answer Stats
Picture Answer % Correct
Bahrain International Circuit
94%
Autodromo Nazionale Monza
91%
Suzuka Circuit
91%
Circuit de Monaco
88%
Miami International Autodrome
88%
Circuit de Barcelona-Catalunya
84%
Jeddah Corniche Circuit
84%
Las Vegas Strip Circuit
84%
Autodromo Enzo e Dino Ferrari
81%
Silverstone Circuit
81%
Baku City Circuit
78%
Albert Park Circuit
75%
Circuit de Spa-Francorchamps
72%
Circuit of the Americas
72%
Hungaroring
72%
Red Bull Ring
72%
Circuit Gilles-Villeneuve
69%
Shanghai International Circuit
69%
Yas Marina Circuit
69%
Circuit Zandvoort
66%
Autodromo Jose Carlos Pace
59%
Lusail International Circuit
53%
Marina Bay Street Circuit
50%
Autodromo Hermanos Rodriguez
41%
No matching quizzes found
Score Distribution
Percent of People with Each Score
Percentile by Number Answered
Your Score History
You have not taken this quiz